Adversaires dans les séries TV - Statistiques

Statistiques générales
  • Ce quiz a été pris 73 fois
  • Le résultat moyen est 7 sur 30
Statistiques - réponses
Hint Réponse % Correct
Sherlock Holmes (Sherlock) Jim Moriarty
63%
Clark Kent (Smallville) Lex Luthor
63%
Patrick Jane (Mentalist) John le Rouge
62%
Denver (La Casa de Papel) Arturo Roman
57%
Sansa Stark (Game of Thrones) Ramsay Bolton
57%
Prue Halliwell (Charmed) Cole Turner
37%
Walter White (Breaking Bad) Gus Fring
32%
Sam Winchester (Supernatural) Azazel
31%
Brooke Davis (Les Frères Scott) Rachel Gatina
31%
Stella (The Boys) Klara Risinger (Stormfront)
29%
Onze (Stranger Things) Martin Brenner
28%
Isaac Mendez (Heroes) Gabriel Gray (Sylar)
26%
Thomas Shelby (Peaky Blinders) Chester Campbell
25%
Victor Newman (Les feux de l'amour) Jack Abbott
22%
Lucifer Morningstar (Lucifer) Daniel Espinoza
20%
J.R Ewing (Dallas) Cliff Barnes
17%
Beth Harmon (Le jeu de la Dame) Vasily Borgov
17%
Mike Donovan (V) Diana
15%
Jamie Fraser (Outlander) Jonathan Randall (Black Jack)
15%
Rick Grimes (The Walking Dead) Simon
15%
Dexter Morgan (Dexter) Arthur Mitchell
14%
Jonathan Garvey (La petite maison dans la prairie) Mr Larrabee
12%
Angus (MacGyver) Murdoc
11%
Buffy Summers (Buffy contre les Vampires) R. Snyder
11%
Gregory House (Dr House) Amber Volakis
8%
Byron Sully (Dr Quinn, femme médecin) Brian O'Connor
8%
Jack Bauer (24 Heures Chrono) Nina Myers
8%
David Apolskis dit l'Acrobate (Prison Break) Avocado Balz-Johnson
6%
Frank Underwood (House of Cards) Raymond Tusk
6%
Chuck Bartowski (Chuck) Nicholas Quinn
3%
Aucun quiz correspondant
Distribution des résultats
% des personnes avec chaque résultat
Percentile par nombre de réponses
Votre historique - résultats
Vous n’avez pas pris ce quiz